000 01760nam a2200517 i 4500
001 30887
003 KOSZ 005
005 20210521120556.0
008 980702s1996 pl a f |000 0 pol
015 _aUWD 1996/9266
020 _a8386676752
035 _a991004174359705066
035 _a(PL-WaBN)b11107303-48omnis_nlop
035 _ab11107303
035 _a(OCoLC)750813015
035 _a(PL)b0000001110730
035 _a(EXLNZ-48OMNIS_NETWORK)9910128956205606
040 _aWA N
_cWA N
_dKOSZ 005/EG
046 _k1996
080 _a556.5
080 _a504.4
080 _a(438)
100 1 _aBojakowska, Izabela
_eAutor
245 1 0 _aWyniki monitoringu geochemicznego osadów wodnych Polski w latach 1994-1995 /
_coprac. Izabela Bojakowska, Gertruda Sokołowska ; [Państwowa Inspekcja Ochrony Środowiska].
260 _aWarszawa :
_bPIOŚ,
_c1996.
300 _a67 s. :
_bmapy ;
_c24 cm.
336 _aTekst
_btxt
_2rdacontent
337 _aBez urządzenia pośredniczącego
_bn
_2rdamedia
338 _aWolumin
_bnc
_2rdacarrier
380 _aKsiążki
388 _a1901-2000
388 _a1989-2000
490 1 _aBiblioteka Monitoringu Środowiska
504 _aBibliogr. s. 67.
650 7 _aGeochemia
_2DBN
650 7 _aWody śródlądowe
_2DBN
650 7 _aDegradacja środowiska
651 7 _aPolska
658 _aOchrona środowiska
700 1 _aSokołowska, Gertruda
_eAutor
710 1 _aPaństwowa Inspekcja Ochrony Środowiska
_4pbl
830 0 _aBiblioteka Monitoringu Środowiska
856 _uhttp://koha.tu.koszalin.pl/cgi-bin/koha/opac-detail.pl?biblionumber=30887
_yKatalog online BPK
942 _2UKD
_cKS
999 _c30887
_d30887